[Hard] Quizz Culture Générale n°1 - Statistiques

Statistiques générales
  • Ce quiz a été pris 91 fois
  • Le résultat moyen est 4 sur 20
Statistiques - réponses
Hint Réponse % Correct
Qui a été la première première ministre française ? Édith Cresson
73%
Comment s'appelle la ville avec le nom le plus court de France ? Y
64%
Quel est le dernier pays a avoir été reconnu comme indépendant ? Soudan du Sud
47%
Funafuti est la capitale de quel pays ? Tuvalu
42%
Qui a perdu le Tour de France 1989 pour 8 secondes suite au contre-la-montre des Champs-Élysées ? Laurent Fignon
38%
Qui va remplacer Jarry à la présentation de Tout le monde veut prendre sa place sur France 2 ? Cyril Féraud
30%
Quel est le pays est considéré comme la meilleure démocratie d'Afrique continentale ? Botswana
21%
Qui est la seule femme a avoir gagné un rallye du championnat du monde en temps que pilote ? Michelle Mouton
16%
Pour quelle ville a été créé le métro léger ? Lille
14%
Où se situe les Rencontres Internationales de Cerf-Volants chaque année ? Berck-sur-Mer
12%
Quel pilote de F1 est mort le 30 avril 1994 à Imola ? Roland Ratzenberger
11%
Qui est le seul français à avoir gagné une manche du PGA Tour ? Mathieu Pavon
10%
Quel est le nouveau nom des spéculoos vendus par Lotus ? Biscoff
7%
Combien y a-t-il d'espèces de Pokémon différentes ? 1025
5%
Qui est surnommé le Requin de Mazarrón ? Pedro Acosta
4%
Dans quelle agglomération européenne a été mis en place le premier tram-train ? Karlsruhe
2%
Dans quelle ville se situe le plus grand boulodrome du monde ? Sin-le-Noble
2%
Combien de temps en minutes a duré le plus long match de tennis de l'histoire ? 665
1%
Que signifie le C des lignes de bus majeures de Lyon (ex: C3, C8...) Cristalis
1%
Comment s'appelait les trains low-cost opérés par Thalys (Paris-Bruxelles) Izy
1%
Aucun quiz correspondant
Distribution des résultats
% des personnes avec chaque résultat
Percentile par nombre de réponses
Votre historique - résultats
Vous n’avez pas pris ce quiz